HIV AIDS IN DENTAL PRACTICE (Record no. 9566)
[ view plain ]
| 000 -LEADER | |
|---|---|
| fixed length control field | 00271nam a22001217a 4500 |
| 082 ## - DEWEY DECIMAL CLASSIFICATION NUMBER | |
| Classification number | 617.6 ,H07P |
| 100 ## - MAIN ENTRY--PERSONAL NAME | |
| Personal name | PRABHU,SR |
| 245 ## - TITLE STATEMENT | |
| Title | HIV AIDS IN DENTAL PRACTICE |
| 250 ## - EDITION STATEMENT | |
| Edition statement | 1ST |
| 260 ## - PUBLICATION, DISTRIBUTION, ETC. (IMPRINT) | |
| Place of publication, distribution, etc | DELHI |
| Name of publisher, distributor, etc | DENTAL COUNCIL OF INDIA |
| Year of Publication | 2007 |
| 300 ## - PAGE DESCRIPTION | |
| No. of Pages | 298 |
| 942 ## - ADDED ENTRY ELEMENTS (KOHA) | |
| Source of classification or shelving scheme | Dewey Decimal Classification |
| Koha item type | Books |
| 942 ## - ADDED ENTRY ELEMENTS (KOHA) | |
| -- | 1 |
| Withdrawn status | Lost status | Source of classification or shelving scheme | Damaged status | Not for loan | Home library | Current library | Shelving location | Date acquired | Cost, normal purchase price | Volume Information (Serial or Books or Non-Book Material) | SGTU | Total Checkouts | Full call number | Accession No. (Barcode) | Date last seen | Bill Date | Koha item type | Date last borrowed |
|---|---|---|---|---|---|---|---|---|---|---|---|---|---|---|---|---|---|---|
| Dewey Decimal Classification | SGT Dental Library | SGT Dental Library | Text Book | 21/07/2016 | 0.00 | 1 | SGTU | 617.6 ,H07P | FD7326 | 21/07/2016 | 21/07/2016 | Books | ||||||
| Dewey Decimal Classification | SGT Dental Library | SGT Dental Library | Text Book | 21/07/2016 | 0.00 | 1 | SGTU | 617.6 ,H07P | FD7327 | 21/07/2016 | 21/07/2016 | Books | ||||||
| Dewey Decimal Classification | SGT Dental Library | SGT Dental Library | Text Book | 21/07/2016 | 0.00 | 1 | SGTU | 617.6 ,H07P | FD7328 | 21/07/2016 | 21/07/2016 | Books | ||||||
| Dewey Decimal Classification | SGT Dental Library | SGT Dental Library | Text Book | 21/07/2016 | 0.00 | 1 | SGTU | 1 | 617.6 ,H07P | FD7329 | 08/07/2022 | 21/07/2016 | Books | 08/07/2022 | ||||
| Dewey Decimal Classification | SGT Dental Library | SGT Dental Library | Text Book | 21/07/2016 | 0.00 | 1 | SGTU | 617.6 ,H07P | FD7330 | 21/07/2016 | 21/07/2016 | Books | ||||||
| Dewey Decimal Classification | SGT Dental Library | SGT Dental Library | Text Book | 21/07/2016 | 0.00 | 1 | SGTU | 617.6 ,H07P | FD7331 | 21/07/2016 | 21/07/2016 | Books | ||||||
| Dewey Decimal Classification | SGT Dental Library | SGT Dental Library | Text Book | 21/07/2016 | 0.00 | 1 | SGTU | 617.6 ,H07P | FD7332 | 21/07/2016 | 21/07/2016 | Books |